000 00314nam a22001337a 4500
008 170608b xxu||||| |||| 00| 0 eng d
020 _a0029253802
041 _aeng
080 _a328
100 _a18
101 _aSHP
245 _aTHE PRESIDENT CONGRESS AD THE CONSTITUTION
_cPYLE.CH.H
942 _2udc
_cBK
999 _c16490
_d16490